Tyne Valley Line stations - Statistics

General Stats
  • This quiz has been taken 52 times
  • The average score is 10 of 16
Answer Stats
Answer % Correct
Newcastle
100%
Carlisle
93%
Hexham
89%
MetroCentre
81%
Haltwhistle
78%
Blaydon
67%
Corbridge
67%
Prudhoe
67%
Riding Mill
56%
Wylam
56%
Brampton
52%
Dunston
48%
Stocksfield
48%
Haydon Bridge
44%
Wetheral
44%
Bardon Mill
41%
No matching quizzes found
Score Distribution
Percent of People with Each Score
Percentile by Number Answered
Your Score History
You have not taken this quiz